Statistics for Biggest Cities in Every German Länder

Click here to take the quiz!

General Stats

  • This quiz has been taken 354 times
    (346 since last reset)
  • The average score is 23 of 43

Answer Stats

City% Correct
Berlin3.67m
95%
Munich1.48m
94%
Hamburg1.70m
92%
Cologne1.07m
89%
Bremen563.2k
88%
Stuttgart626.2k
83%
Frankfurt am Main759.2k
81%
Dortmund586.8k
78%
Düsseldorf619.4k
78%
Dresden555.3k
73%
Kiel246.2k
72%
Saarbrücken179.6k
71%
Leipzig601.8k
69%
Hanover535.9k
67%
Nuremberg510.6k
66%
Mainz217.5k
65%
Potsdam183.1k
61%
Erfurt213.2k
59%
Augsburg296.4k
55%
Magdeburg236.1k
54%
Rostock208.4k
52%
Wiesbaden278.9k
52%
Mannheim311.8k
49%
Schwerin95.7k
48%
Bremerhaven113.1k
47%
Karlsruhe306.5k
46%
Braunschweig248.8k
41%
Lübeck216.2k
40%
Flensburg91.1k
37%
Jena110.5k
37%
Chemnitz243.1k
36%
Halle238.0k
34%
Kassel200.4k
34%
Cottbus98.3k
31%
Brandenburg72.4k
30%
Koblenz113.6k
29%
Gera91.3k
23%
Oldenburg170.3k
23%
Homburg41.6k
18%
Ludwigshafen172.1k
18%
Neubrandenburg63.0k
17%
Neunkirchen46.0k
15%
Dessau-Roßlau78.7k
13%

Score Distribution

Percentile by Number Answered

Percent of People with Each Score

Your Score History

You have not taken this quiz since the last reset